[Event "World Chess Olympiad 2018"]
[Site "Batumi"]
[Date "2018.09.25"]
[Round "2"]
[Board "2"]
[WhiteFideId "22600124"]
[White "Jacob Jallah"]
[BlackFideId "15200019"]
[Black "Mueller Leonhard"]
[Result "1/2-1/2"]
[LiveChessVersion "1.4.8"]
[BlackElo "2190"]
[WhiteElo "1835"]

1. c4 {[%clk 1:30:46]} g6 {[%clk 1:30:48]} 2. Nc3 {[%clk 1:30:11]} Bg7
{[%clk 1:31:12]} 3. d4 {[%clk 1:30:17]} Nf6 {[%clk 1:31:24]} 4. Nf3
{[%clk 1:29:42]} O-O {[%clk 1:31:36]} 5. h3 {[%clk 1:29:42]} d5 {[%clk 1:26:29]}
6. cxd5 {[%clk 1:28:44]} Nxd5 {[%clk 1:26:52]} 7. e4 {[%clk 1:28:47]} Nxc3
{[%clk 1:27:16]} 8. bxc3 {[%clk 1:28:58]} c5 {[%clk 1:27:31]} 9. Be2
{[%clk 1:25:36]} Nc6 {[%clk 1:22:07]} 10. Be3 {[%clk 1:23:18]} cxd4
{[%clk 1:04:37]} 11. cxd4 {[%clk 1:22:45]} Qa5+ {[%clk 1:03:53]} 12. Bd2
{[%clk 1:21:43]} Qa3 {[%clk 1:02:50]} 13. d5 {[%clk 1:02:04]} Bxa1
{[%clk 0:59:14]} 14. Qxa1 {[%clk 1:02:22]} Nb4 {[%clk 0:59:24]} 15. O-O
{[%clk 1:02:20]} f6 {[%clk 0:56:22]} 16. Bc4 {[%clk 0:55:44]} Bd7
{[%clk 0:51:34]} 17. Rb1 {[%clk 0:43:25]} Nc2 {[%clk 0:45:14]} 18. Qb2
{[%clk 0:43:34]} b5 {[%clk 0:40:44]} 19. Bb3 {[%clk 0:38:03]} Qxb2
{[%clk 0:40:42]} 20. Rxb2 {[%clk 0:38:22]} Na3 {[%clk 0:38:14]} 21. Bb4
{[%clk 0:34:27]} Nc4 {[%clk 0:38:33]} 22. Bxc4 {[%clk 0:28:37]} bxc4
{[%clk 0:38:59]} 23. Bxe7 {[%clk 0:28:57]} Rf7 {[%clk 0:21:40]} 24. Bd6
{[%clk 0:27:31]} Rc8 {[%clk 0:18:49]} 25. Rc2 {[%clk 0:25:00]} Ba4
{[%clk 0:17:06]} 26. Rc3 {[%clk 0:25:02]} Rb7 {[%clk 0:17:07]} 27. Nd4
{[%clk 0:23:28]} Rb1+ {[%clk 0:16:49]} 28. Kh2 {[%clk 0:23:50]} Rd1
{[%clk 0:13:51]} 29. Ne6 {[%clk 0:18:00]} Rd3 30. Rc1 {[%clk 0:18:00]} c3
{[%clk 0:13:43]} 31. Nc5 {[%clk 0:18:09]} Rxc5 {[%clk 0:07:59]} 32. Bxc5
{[%clk 0:18:38]} c2 {[%clk 0:08:20]} 33. Bxa7 {[%clk 0:18:23]} Ra3
{[%clk 0:06:10]} 34. f4 {[%clk 0:12:26]} Rxa2 {[%clk 0:05:49]} 35. Bd4
{[%clk 0:11:03]} Kf7 {[%clk 0:05:55]} 36. e5 {[%clk 0:11:22]} fxe5
{[%clk 0:05:19]} 37. fxe5 Bb3 38. Rf1+ {[%clk 0:11:17]} Ke8 {[%clk 0:03:35]} 39.
d6 {[%clk 0:10:48]} Ra4 {[%clk 0:02:30]} 40. Bb2 {[%clk 0:40:12]} Re4
{[%clk 0:31:41]} 41. Kg3 {[%clk 0:39:45]} Re2 {[%clk 0:28:36]} 42. Rf3
{[%clk 0:31:17]} Bd5 {[%clk 0:21:54]} 43. Rc3 {[%clk 0:29:18]} c1=Q
{[%clk 0:14:00]} 44. Bxc1 {[%clk 0:28:32]} Rxe5 {[%clk 0:14:26]} 45. Rc8+
{[%clk 0:28:18]} Kd7 {[%clk 0:13:51]} 46. Rc7+ {[%clk 0:27:18]} Kxd6
{[%clk 0:13:20]} 1/2-1/2

[Event "World Chess Olympiad 2018"]
[Site "Batumi"]
[Date "2018.09.25"]
[Round "2"]
[Board "3"]
[WhiteFideId "8602425"]
[White "Gong Qianyun"]
[BlackFideId "1203975"]
[Black "Vajda Levente"]
[Result "0-1"]
[LiveChessVersion "1.4.8"]
[BlackElo "2551"]
[WhiteElo "2321"]

1. e4 {[%clk 1:30:52]} d6 {[%clk 1:30:46]} 2. d4 {[%clk 1:31:09]} Nf6
{[%clk 1:31:09]} 3. Nc3 {[%clk 1:31:17]} g6 {[%clk 1:29:56]} 4. Nf3
{[%clk 1:30:28]} Bg7 {[%clk 1:30:20]} 5. Be2 {[%clk 1:30:34]} O-O
{[%clk 1:30:43]} 6. O-O {[%clk 1:31:00]} c6 {[%clk 1:28:58]} 7. a4
{[%clk 1:31:25]} a5 {[%clk 1:28:36]} 8. h3 {[%clk 1:29:47]} Na6 {[%clk 1:28:31]}
9. Re1 {[%clk 1:19:15]} Nb4 {[%clk 1:24:56]} 10. Bf4 {[%clk 1:10:37]} b6
{[%clk 1:16:14]} 11. Qd2 {[%clk 1:03:04]} Ra7 {[%clk 0:56:41]} 12. Rac1
{[%clk 0:58:04]} Rd7 {[%clk 0:55:23]} 13. d5 {[%clk 0:43:32]} Bb7
{[%clk 0:45:36]} 14. Bc4 {[%clk 0:32:16]} Qa8 {[%clk 0:45:46]} 15. Rcd1
{[%clk 0:31:20]} cxd5 {[%clk 0:45:32]} 16. exd5 {[%clk 0:30:15]} Rc8
{[%clk 0:45:43]} 17. Bb3 {[%clk 0:29:11]} Rxc3 {[%clk 0:38:51]} 18. bxc3
{[%clk 0:29:05]} Nbxd5 {[%clk 0:39:15]} 19. Bh6 {[%clk 0:23:04]} Qc8
{[%clk 0:39:21]} 20. Bxg7 {[%clk 0:20:02]} Kxg7 {[%clk 0:38:50]} 21. c4
{[%clk 0:14:31]} Nb4 {[%clk 0:38:55]} 22. Nd4 {[%clk 0:14:50]} Na6
{[%clk 0:37:20]} 23. Qg5 {[%clk 0:14:13]} Qc5 {[%clk 0:36:12]} 24. Qg3
{[%clk 0:14:13]} Qh5 {[%clk 0:29:37]} 25. c3 {[%clk 0:13:55]} Nc5
{[%clk 0:23:33]} 26. Bc2 {[%clk 0:14:11]} Be4 {[%clk 0:23:06]} 27. Bxe4
{[%clk 0:13:51]} Nfxe4 {[%clk 0:19:35]} 28. Qe3 {[%clk 0:13:18]} Qg5
{[%clk 0:14:06]} 29. Qf3 {[%clk 0:12:16]} f5 {[%clk 0:09:46]} 30. Re3
{[%clk 0:08:39]} Qf6 {[%clk 0:09:16]} 31. Ra1 {[%clk 0:05:15]} e5
{[%clk 0:06:14]} 32. Nb5 {[%clk 0:05:27]} Qe6 {[%clk 0:05:36]} 33. Qe2
{[%clk 0:05:26]} Nf6 {[%clk 0:05:56]} 34. Nd4 {[%clk 0:03:32]} Qf7
{[%clk 0:04:17]} 35. Nb5 {[%clk 0:03:46]} f4 {[%clk 0:04:15]} 36. Nxd6
{[%clk 0:02:18]} Rxd6 {[%clk 0:04:40]} 37. Rxe5 {[%clk 0:02:46]} Rd7
{[%clk 0:05:06]} 38. Rd1 Rxd1+ {[%clk 0:04:16]} 39. Qxd1 {[%clk 0:03:11]} Qd7
{[%clk 0:03:51]} 40. Qf3 {[%clk 0:32:19]} Qc7 {[%clk 0:32:20]} 41. Re1
{[%clk 0:25:32]} Nxa4 {[%clk 0:31:28]} 42. g3 {[%clk 0:25:26]} fxg3
{[%clk 0:30:28]} 43. fxg3 {[%clk 0:25:50]} Nc5 {[%clk 0:30:54]} 44. Kg2
{[%clk 0:24:07]} a4 {[%clk 0:22:55]} 45. Re2 {[%clk 0:22:51]} Qd6
{[%clk 0:20:55]} 46. g4 {[%clk 0:22:19]} a3 {[%clk 0:20:49]} 47. Qa8
{[%clk 0:22:05]} Ne6 {[%clk 0:16:29]} 48. Ra2 {[%clk 0:20:21]} Nf4+
{[%clk 0:16:36]} 49. Kf3 {[%clk 0:20:44]} g5 {[%clk 0:16:38]} 50. Qxa3
{[%clk 0:20:49]} Qd3+ {[%clk 0:16:19]} 51. Kf2 {[%clk 0:21:15]} Ne4+
{[%clk 0:16:32]} 0-1

[Event "World Chess Olympiad 2018"]
[Site "Batumi"]
[Date "2018.09.25"]
[Round "2"]
[Board "2"]
[WhiteFideId "14500205"]
[White "Sulava Nenad"]
[BlackFideId "14502569"]
[Black "Stevic Hrvoje"]
[Result "1/2-1/2"]
[LiveChessVersion "1.4.8"]
[BlackElo "2579"]
[WhiteElo "2437"]

1. d4 {[%clk 1:29:54]} d5 {[%clk 1:30:45]} 2. Nf3 {[%clk 1:29:38]} Nf6
{[%clk 1:29:52]} 3. c4 {[%clk 1:26:49]} dxc4 {[%clk 1:28:51]} 4. e3
{[%clk 1:10:43]} e6 {[%clk 1:26:27]} 5. Bxc4 {[%clk 1:10:53]} a6 {[%clk 1:26:35]}
6. O-O {[%clk 1:10:51]} c5 {[%clk 1:24:44]} 7. dxc5 {[%clk 1:03:13]} Qxd1
{[%clk 1:20:53]} 8. Rxd1 {[%clk 1:03:18]} Bxc5 {[%clk 1:21:18]} 9. a3
{[%clk 1:02:59]} O-O {[%clk 1:18:39]} 10. b4 {[%clk 1:02:44]} Be7
{[%clk 1:18:38]} 11. Bb2 {[%clk 1:03:04]} b5 {[%clk 1:13:57]} 12. Be2
{[%clk 1:03:26]} Bb7 {[%clk 1:12:48]} 13. Nbd2 {[%clk 1:01:36]} Nbd7
{[%clk 1:09:49]} 14. Rac1 {[%clk 1:00:55]} Rac8 {[%clk 1:07:47]} 15. Kf1
{[%clk 0:59:10]} Rxc1 {[%clk 1:03:49]} 16. Rxc1 {[%clk 0:59:31]} Rc8
{[%clk 1:04:14]} 17. Rxc8+ {[%clk 0:59:54]} Bxc8 {[%clk 1:04:38]} 18. Ne5
{[%clk 0:58:50]} Bb7 {[%clk 1:02:36]} 19. Bf3 {[%clk 0:48:04]} Bxf3
{[%clk 1:00:09]} 20. Ndxf3 {[%clk 0:48:03]} Kf8 {[%clk 0:55:07]} 21. Ke2
{[%clk 0:47:42]} g6 {[%clk 0:47:50]} 22. Kd3 {[%clk 0:43:58]} Ke8
{[%clk 0:44:19]} 23. Nxd7 {[%clk 0:43:07]} Nxd7 {[%clk 0:44:40]} 24. Ne5
{[%clk 0:37:16]} Nxe5+ {[%clk 0:42:36]} 25. Bxe5 {[%clk 0:37:44]} Kd7
{[%clk 0:42:21]} 26. e4 {[%clk 0:37:54]} Kc6 {[%clk 0:40:18]} 27. f3
{[%clk 0:37:49]} Bd8 {[%clk 0:39:16]} 28. Bc3 {[%clk 0:37:20]} Be7
{[%clk 0:38:56]} 29. h3 {[%clk 0:37:33]} Bd8 {[%clk 0:39:12]} 30. g4
{[%clk 0:37:35]} Be7 {[%clk 0:39:35]} 31. Bd4 {[%clk 0:37:47]} 1/2-1/2

[Event "World Chess Olympiad 2018"]
[Site "Batumi"]
[Date "2018.09.25"]
[Round "2"]
[Board "3"]
[WhiteFideId "14506688"]
[White "Brkic Ante"]
[BlackFideId "623830"]
[Black "Nelis Jean-Francois"]
[Result "1-0"]
[LiveChessVersion "1.4.8"]
[BlackElo "2154"]
[WhiteElo "2565"]

1. e4 {[%clk 1:30:56]} e6 {[%clk 1:30:52]} 2. d4 {[%clk 1:31:20]} d5
{[%clk 1:31:11]} 3. Nc3 {[%clk 1:31:42]} Bb4 {[%clk 1:31:29]} 4. e5
{[%clk 1:32:03]} c5 {[%clk 1:31:03]} 5. a3 {[%clk 1:32:26]} Bxc3+
{[%clk 1:30:58]} 6. bxc3 {[%clk 1:32:49]} Qa5 {[%clk 1:28:46]} 7. Bd2
{[%clk 1:33:13]} Qa4 {[%clk 1:29:09]} 8. h4 {[%clk 1:30:09]} Ne7 {[%clk 1:25:32]}
9. h5 {[%clk 1:25:46]} h6 {[%clk 1:23:17]} 10. Nf3 {[%clk 1:24:39]} c4
{[%clk 1:16:22]} 11. Rh4 {[%clk 1:24:44]} Nbc6 {[%clk 1:15:37]} 12. Rf4
{[%clk 1:24:30]} Bd7 {[%clk 1:14:38]} 13. g3 {[%clk 1:24:33]} O-O-O
{[%clk 0:50:58]} 14. Rxf7 {[%clk 1:01:40]} Nf5 {[%clk 0:46:06]} 15. Nh4
{[%clk 0:57:03]} Nxh4 {[%clk 0:43:17]} 16. gxh4 {[%clk 0:56:21]} Rhg8
{[%clk 0:40:58]} 17. Bh3 {[%clk 0:55:40]} Rde8 {[%clk 0:39:10]} 18. Be3
{[%clk 0:51:55]} Nd8 {[%clk 0:36:38]} 19. Rf3 {[%clk 0:49:56]} Ref8
{[%clk 0:31:11]} 20. Kd2 {[%clk 0:45:11]} Be8 {[%clk 0:30:18]} 21. Rg3
{[%clk 0:38:45]} Qd7 {[%clk 0:24:45]} 22. Qg1 {[%clk 0:38:01]} Bxh5
{[%clk 0:13:18]} 23. Bxh6 {[%clk 0:34:29]} Qf7 {[%clk 0:12:18]} 24. Be3
{[%clk 0:34:15]} Bf3 {[%clk 0:11:40]} 25. Bg2 {[%clk 0:27:36]} Bh5
{[%clk 0:07:46]} 26. Rg5 {[%clk 0:20:40]} Rh8 {[%clk 0:06:59]} 27. Bh3
{[%clk 0:19:44]} Rh7 {[%clk 0:06:40]} 28. Qg3 {[%clk 0:18:23]} Qf3
{[%clk 0:03:37]} 29. Bg4 {[%clk 0:11:54]} Bxg4 {[%clk 0:03:50]} 30. Rxg4
{[%clk 0:10:43]} Rf7 {[%clk 0:03:54]} 31. Rg1 {[%clk 0:09:36]} Nc6
{[%clk 0:02:53]} 32. Qxf3 {[%clk 0:08:10]} Rxf3 {[%clk 0:03:21]} 33. Rxg7
{[%clk 0:08:28]} Rxh4 {[%clk 0:02:57]} 34. R1g6 {[%clk 0:08:31]} 1-0

[Event "World Chess Olympiad 2018"]
[Site "Batumi"]
[Date "2018.09.25"]
[Round "2"]
[Board "4"]
[WhiteFideId "5400422"]
[White "Lomandong Marc-Antoine"]
[BlackFideId "14509792"]
[Black "Martinovic Sasa"]
[Result "0-1"]
[LiveChessVersion "1.4.8"]
[BlackElo "2567"]
[WhiteElo "2035"]

1. d4 {[%clk 1:30:57]} Nf6 {[%clk 1:30:57]} 2. Nf3 {[%clk 1:31:15]} g6
{[%clk 1:31:21]} 3. b4 {[%clk 1:30:34]} Bg7 {[%clk 1:30:35]} 4. Bb2
{[%clk 1:28:47]} O-O {[%clk 1:30:28]} 5. Nbd2 {[%clk 1:27:52]} d6
{[%clk 1:28:34]} 6. e4 {[%clk 1:18:37]} e5 {[%clk 1:26:26]} 7. dxe5
{[%clk 1:07:29]} dxe5 {[%clk 1:26:51]} 8. Bc4 {[%clk 1:04:53]} Qe7
{[%clk 1:17:29]} 9. O-O {[%clk 0:48:37]} Nh5 {[%clk 1:06:48]} 10. a4
{[%clk 0:37:23]} Rd8 {[%clk 1:06:18]} 11. c3 {[%clk 0:33:51]} Bh6
{[%clk 0:48:27]} 12. Qc2 {[%clk 0:20:51]} Bg4 {[%clk 0:48:33]} 13. g3
{[%clk 0:19:41]} Qf6 {[%clk 0:44:12]} 14. Rfd1 {[%clk 0:04:21]} Nc6
{[%clk 0:43:56]} 15. Kg2 {[%clk 0:03:24]} Bxd2 {[%clk 0:42:47]} 16. Nxd2
{[%clk 0:03:39]} Bxd1 {[%clk 0:36:49]} 17. Rxd1 {[%clk 0:04:06]} Rd7
{[%clk 0:36:57]} 18. Nf3 {[%clk 0:03:32]} Rxd1 {[%clk 0:36:20]} 19. Qxd1
{[%clk 0:04:00]} Rd8 {[%clk 0:36:42]} 20. Qb3 {[%clk 0:02:41]} Ng7
{[%clk 0:32:21]} 21. Bd5 {[%clk 0:01:32]} Ne6 {[%clk 0:31:09]} 22. a5
{[%clk 0:01:19]} a6 {[%clk 0:23:35]} 23. Bc1 {[%clk 0:00:47]} Rd6
{[%clk 0:21:57]} 24. Be3 {[%clk 0:00:51]} Ncd8 {[%clk 0:19:49]} 25. Bc5
{[%clk 0:00:43]} Nxc5 {[%clk 0:16:12]} 26. bxc5 {[%clk 0:01:08]} Rd7
{[%clk 0:16:36]} 27. Bxb7 {[%clk 0:01:12]} Nxb7 {[%clk 0:14:38]} 28. Qxb7
{[%clk 0:01:40]} Rd3 {[%clk 0:14:49]} 29. Ng1 {[%clk 0:00:43]} Rxc3
{[%clk 0:15:01]} 30. Qb8+ {[%clk 0:00:34]} Kg7 {[%clk 0:15:27]} 31. Qxc7
{[%clk 0:01:00]} g5 {[%clk 0:14:40]} 32. h3 {[%clk 0:00:40]} h5 {[%clk 0:15:04]}
33. Qc8 {[%clk 0:00:38]} Qg6 {[%clk 0:13:23]} 34. Qc7 {[%clk 0:00:38]} Qxe4+
{[%clk 0:13:27]} 0-1

[Event "World Chess Olympiad 2018"]
[Site "Batumi"]
[Date "2018.09.25"]
[Round "2"]
[Board "1"]
[WhiteFideId "8102368"]
[White "Moayed Obied"]
[BlackFideId "3801497"]
[Black "Cordova Emilio"]
[Result "0-1"]
[LiveChessVersion "1.4.8"]
[BlackElo "2609"]
[WhiteElo "2125"]

1. d4 {[%clk 1:30:45]} Nf6 {[%clk 1:30:27]} 2. c4 {[%clk 1:31:08]} e6
{[%clk 1:30:53]} 3. g3 {[%clk 1:31:02]} d5 {[%clk 1:26:38]} 4. Nf3
{[%clk 1:29:46]} Bb4+ {[%clk 1:26:59]} 5. Bd2 {[%clk 1:30:08]} Be7
{[%clk 1:27:24]} 6. Bg2 {[%clk 1:30:20]} O-O {[%clk 1:27:43]} 7. O-O
{[%clk 1:30:36]} Nbd7 {[%clk 1:28:01]} 8. Qc2 {[%clk 1:30:19]} Ne4
{[%clk 1:27:41]} 9. Bf4 {[%clk 1:22:40]} c6 {[%clk 1:28:01]} 10. Nc3
{[%clk 1:15:23]} g5 {[%clk 1:16:16]} 11. Be3 {[%clk 0:57:16]} Nd6
{[%clk 1:02:55]} 12. cxd5 {[%clk 0:51:42]} exd5 {[%clk 1:03:15]} 13. Rad1
{[%clk 0:47:42]} Nb6 {[%clk 1:03:20]} 14. b3 {[%clk 0:43:59]} Bf5
{[%clk 1:02:05]} 15. Qc1 {[%clk 0:43:39]} f6 {[%clk 1:01:49]} 16. Nd2
{[%clk 0:37:15]} Bg6 {[%clk 0:37:31]} 17. f3 {[%clk 0:20:48]} f5 {[%clk 0:35:17]}
18. Bf2 {[%clk 0:17:00]} g4 {[%clk 0:31:32]} 19. fxg4 {[%clk 0:14:16]} fxg4
{[%clk 0:31:53]} 20. e4 {[%clk 0:13:06]} Bg5 {[%clk 0:32:09]} 21. exd5
{[%clk 0:10:22]} cxd5 {[%clk 0:27:53]} 22. Nxd5 {[%clk 0:06:01]} Bd3
{[%clk 0:16:20]} 23. Rfe1 {[%clk 0:03:17]} Rc8 {[%clk 0:12:41]} 24. Qa1
{[%clk 0:02:45]} Bc2 {[%clk 0:11:54]} 25. Ne3 {[%clk 0:00:46]} Bxd1
{[%clk 0:10:33]} 26. Qxd1 {[%clk 0:01:13]} h5 {[%clk 0:10:27]} 27. Ne4
{[%clk 0:00:39]} Nxe4 {[%clk 0:09:52]} 28. Bxe4 {[%clk 0:01:07]} Qf6
{[%clk 0:09:52]} 29. Nf5 {[%clk 0:00:35]} Rce8 {[%clk 0:07:12]} 30. Bd3
{[%clk 0:00:39]} Nd5 {[%clk 0:06:50]} 31. Rxe8 {[%clk 0:00:33]} Rxe8
{[%clk 0:07:16]} 32. b4 {[%clk 0:00:32]} Kh8 {[%clk 0:06:01]} 33. Qa4
{[%clk 0:00:36]} Rf8 {[%clk 0:03:36]} 34. Qxa7 {[%clk 0:00:38]} Ne7
{[%clk 0:02:53]} 35. Nxe7 {[%clk 0:00:31]} Qxf2+ {[%clk 0:03:17]} 36. Kh1
{[%clk 0:00:54]} Qe1+ {[%clk 0:03:41]} 0-1

[Event "World Chess Olympiad 2018"]
[Site "Batumi"]
[Date "2018.09.25"]
[Round "2"]
[Board "3"]
[WhiteFideId "8103178"]
[White "Ahmad Al Khatib"]
[BlackFideId "3805662"]
[Black "Martinez Alcantara Jose Eduardo"]
[Result "0-1"]
[LiveChessVersion "1.4.8"]
[BlackElo "2565"]
[WhiteElo "2355"]

1. e4 {[%clk 1:30:13]} c5 {[%clk 1:30:40]} 2. Nf3 {[%clk 1:30:29]} d6
{[%clk 1:31:02]} 3. Bb5+ {[%clk 1:28:32]} Nd7 {[%clk 1:31:25]} 4. d4
{[%clk 1:28:24]} cxd4 {[%clk 1:31:48]} 5. Qxd4 {[%clk 1:28:44]} a6
{[%clk 1:32:07]} 6. Bxd7+ {[%clk 1:28:39]} Bxd7 {[%clk 1:32:29]} 7. O-O
{[%clk 1:27:15]} Rc8 {[%clk 1:31:00]} 8. Nc3 {[%clk 1:22:31]} e5 {[%clk 1:28:45]}
9. Qd3 {[%clk 1:21:58]} h6 {[%clk 1:27:55]} 10. a4 {[%clk 1:07:35]} Nf6
{[%clk 1:26:59]} 11. b3 {[%clk 1:04:11]} Qc7 {[%clk 1:26:29]} 12. Bb2
{[%clk 0:58:11]} Be7 {[%clk 1:16:56]} 13. Nd2 {[%clk 0:53:15]} Be6
{[%clk 1:16:20]} 14. Rac1 {[%clk 0:45:14]} Qc5 {[%clk 1:14:16]} 15. Nd1
{[%clk 0:33:42]} b5 {[%clk 0:56:36]} 16. axb5 {[%clk 0:31:08]} axb5
{[%clk 0:56:45]} 17. c4 {[%clk 0:27:42]} b4 {[%clk 0:47:50]} 18. Ne3
{[%clk 0:27:34]} O-O {[%clk 0:47:45]} 19. Nd5 {[%clk 0:27:03]} Bd8
{[%clk 0:47:04]} 20. Kh1 {[%clk 0:21:05]} Nd7 {[%clk 0:43:07]} 21. f4
{[%clk 0:17:26]} exf4 {[%clk 0:38:28]} 22. Nf3 {[%clk 0:14:46]} Re8
{[%clk 0:33:00]} 23. Bd4 {[%clk 0:12:52]} Qc6 {[%clk 0:33:22]} 24. Nxb4
{[%clk 0:11:15]} Qb7 {[%clk 0:28:44]} 25. Nd5 {[%clk 0:10:09]} Bg5
{[%clk 0:24:18]} 26. Qc3 {[%clk 0:05:28]} Bxd5 {[%clk 0:15:20]} 27. exd5
{[%clk 0:05:14]} Bf6 {[%clk 0:15:32]} 28. Bxf6 {[%clk 0:03:22]} Nxf6
{[%clk 0:15:46]} 29. Nh4 {[%clk 0:02:16]} Re5 {[%clk 0:12:10]} 30. Rxf4
{[%clk 0:00:39]} Nxd5 {[%clk 0:06:38]} 31. Qf3 {[%clk 0:00:49]} Re3
{[%clk 0:07:02]} 32. Qf2 {[%clk 0:00:32]} Rxb3 {[%clk 0:07:25]} 0-1

[Event "World Chess Olympiad 2018"]
[Site "Batumi"]
[Date "2018.09.25"]
[Round "2"]
[Board "4"]
[WhiteFideId "3801969"]
[White "Cruz Cristhian"]
[BlackFideId "7600437"]
[Black "Issa Rafat"]
[Result "1-0"]
[LiveChessVersion "1.4.8"]
[BlackElo "2388"]
[WhiteElo "2571"]

1. d4 {[%clk 1:30:55]} Nf6 {[%clk 1:30:50]} 2. c4 {[%clk 1:31:12]} d6
{[%clk 1:31:09]} 3. Nc3 {[%clk 1:31:28]} e5 {[%clk 1:31:29]} 4. Nf3
{[%clk 1:31:19]} Nbd7 {[%clk 1:31:25]} 5. e4 {[%clk 1:31:21]} Be7
{[%clk 1:31:22]} 6. Be2 {[%clk 1:31:39]} O-O {[%clk 1:31:37]} 7. O-O
{[%clk 1:32:02]} c6 {[%clk 1:31:42]} 8. Qc2 {[%clk 1:32:08]} Re8 {[%clk 1:31:27]}
9. Rd1 {[%clk 1:31:09]} Bf8 {[%clk 1:29:28]} 10. a3 {[%clk 1:24:58]} h6
{[%clk 1:22:56]} 11. b4 {[%clk 1:15:54]} a5 {[%clk 0:50:26]} 12. Rb1
{[%clk 1:13:00]} axb4 {[%clk 0:48:23]} 13. axb4 {[%clk 1:13:23]} exd4
{[%clk 0:42:39]} 14. Nxd4 {[%clk 1:12:56]} g6 {[%clk 0:39:52]} 15. Bf1
{[%clk 0:57:21]} Qc7 {[%clk 0:29:10]} 16. h3 {[%clk 0:55:54]} Bg7
{[%clk 0:27:48]} 17. Be3 {[%clk 0:52:13]} Nf8 {[%clk 0:23:44]} 18. f3
{[%clk 0:43:09]} Ne6 {[%clk 0:16:13]} 19. Qd2 {[%clk 0:38:01]} Kh7
{[%clk 0:11:18]} 20. Nxe6 {[%clk 0:34:13]} Rxe6 {[%clk 0:11:35]} 21. Rbc1
{[%clk 0:32:58]} Qe7 {[%clk 0:11:14]} 22. Ne2 {[%clk 0:20:06]} Ne8
{[%clk 0:05:20]} 23. b5 {[%clk 0:10:32]} Re5 {[%clk 0:01:34]} 24. Nf4
{[%clk 0:05:55]} Ra3 {[%clk 0:00:52]} 25. Bd4 {[%clk 0:04:05]} Rg5
{[%clk 0:00:43]} 26. Bxg7 {[%clk 0:03:40]} Nxg7 {[%clk 0:01:08]} 27. h4
{[%clk 0:02:51]} Rc5 {[%clk 0:01:31]} 28. Qxd6 {[%clk 0:02:24]} Qxd6
{[%clk 0:01:57]} 29. Rxd6 {[%clk 0:02:50]} cxb5 {[%clk 0:00:34]} 30. Rd5
{[%clk 0:03:10]} Rxd5 {[%clk 0:00:37]} 31. cxd5 {[%clk 0:03:36]} Bd7
{[%clk 0:00:56]} 32. Rc7 {[%clk 0:03:49]} Be8 {[%clk 0:01:16]} 33. d6
{[%clk 0:04:03]} 1-0

[Event "World Chess Olympiad 2018"]
[Site "Batumi"]
[Date "2018.09.25"]
[Round "2"]
[Board "1"]
[WhiteFideId "112275"]
[White "Mareco Sandro"]
[BlackFideId "5122279"]
[Black "Cofre Archibold Nestor"]
[Result "1-0"]
[LiveChessVersion "1.4.8"]
[BlackElo "2346"]
[WhiteElo "2649"]

1. d4 {[%clk 1:30:58]} Nf6 {[%clk 1:30:50]} 2. c4 {[%clk 1:31:23]} e6
{[%clk 1:31:13]} 3. Nc3 {[%clk 1:31:49]} Bb4 {[%clk 1:31:35]} 4. e3
{[%clk 1:32:14]} O-O {[%clk 1:31:52]} 5. Nge2 {[%clk 1:32:32]} d5
{[%clk 1:32:17]} 6. a3 {[%clk 1:32:52]} Bd6 {[%clk 1:32:42]} 7. Ng3
{[%clk 1:31:29]} c5 {[%clk 1:32:49]} 8. dxc5 {[%clk 1:30:54]} Bxc5
{[%clk 1:33:08]} 9. b4 {[%clk 1:31:05]} Be7 {[%clk 1:30:57]} 10. cxd5
{[%clk 1:30:15]} exd5 {[%clk 1:31:20]} 11. Bd3 {[%clk 1:29:40]} Nc6
{[%clk 1:31:28]} 12. O-O {[%clk 1:21:03]} Bg4 {[%clk 1:28:25]} 13. Nce2
{[%clk 1:19:01]} Ne4 {[%clk 1:14:29]} 14. Bb2 {[%clk 1:10:49]} Rc8
{[%clk 1:13:22]} 15. Bxe4 {[%clk 1:01:17]} dxe4 {[%clk 1:13:41]} 16. Qb1
{[%clk 1:01:39]} Bxe2 {[%clk 0:51:26]} 17. Nxe2 {[%clk 1:02:06]} Re8
{[%clk 0:51:27]} 18. Rd1 {[%clk 0:58:18]} Bd6 {[%clk 0:46:37]} 19. Ng3
{[%clk 0:41:57]} Qc7 {[%clk 0:44:55]} 20. Rd5 {[%clk 0:40:57]} Re6
{[%clk 0:36:03]} 21. Qd1 {[%clk 0:37:46]} Bxg3 {[%clk 0:21:18]} 22. hxg3
{[%clk 0:36:48]} Rce8 {[%clk 0:07:02]} 23. Rc1 {[%clk 0:28:03]} Qb6
{[%clk 0:02:58]} 24. Qg4 {[%clk 0:25:02]} g6 {[%clk 0:03:03]} 25. Qf4
{[%clk 0:21:58]} a5 {[%clk 0:01:19]} 26. Rd7 {[%clk 0:21:30]} Ne7
{[%clk 0:00:50]} 27. Rcc7 {[%clk 0:21:12]} f6 {[%clk 0:00:35]} 28. Rxb7
{[%clk 0:20:05]} Qc6 {[%clk 0:00:35]} 29. b5 {[%clk 0:18:46]} Qc2
{[%clk 0:00:42]} 30. Bxf6 {[%clk 0:18:29]} Nf5 {[%clk 0:00:38]} 31. Rg7+
{[%clk 0:18:16]} 1-0

[Event "World Chess Olympiad 2018"]
[Site "Batumi"]
[Date "2018.09.25"]
[Round "2"]
[Board "2"]
[WhiteFideId "5107407"]
[White "Rojas Alarcon Julian Antonio"]
[BlackFideId "108049"]
[Black "Flores Diego"]
[Result "0-1"]
[LiveChessVersion "1.4.8"]
[BlackElo "2621"]
[WhiteElo "2387"]

1. c4 {[%clk 1:30:55]} g6 {[%clk 1:28:00]} 2. Nc3 {[%clk 1:29:18]} c5
{[%clk 1:25:52]} 3. Nf3 {[%clk 1:24:05]} Bg7 {[%clk 1:24:34]} 4. g3
{[%clk 1:24:28]} Nc6 {[%clk 1:24:27]} 5. Bg2 {[%clk 1:23:07]} d6 {[%clk 1:21:33]}
6. O-O {[%clk 1:20:39]} e6 {[%clk 1:19:01]} 7. e3 {[%clk 1:12:56]} Nge7
{[%clk 1:18:37]} 8. d4 {[%clk 1:13:13]} O-O {[%clk 1:18:55]} 9. d5
{[%clk 1:05:16]} Na5 {[%clk 1:12:45]} 10. Nd2 {[%clk 1:05:42]} Rb8
{[%clk 1:01:55]} 11. Qc2 {[%clk 0:46:39]} exd5 {[%clk 0:59:10]} 12. Nxd5
{[%clk 0:45:53]} b5 {[%clk 0:54:23]} 13. cxb5 {[%clk 0:43:15]} Rxb5
{[%clk 0:51:18]} 14. Rd1 {[%clk 0:34:49]} Bg4 {[%clk 0:38:47]} 15. Bf3
{[%clk 0:29:56]} Bxf3 {[%clk 0:30:16]} 16. Nxf3 {[%clk 0:30:25]} Nxd5
{[%clk 0:23:38]} 17. Rxd5 {[%clk 0:30:53]} Qf6 {[%clk 0:18:12]} 18. Kg2
{[%clk 0:16:54]} Rb6 {[%clk 0:12:51]} 19. Rb1 {[%clk 0:06:49]} Nc6
{[%clk 0:12:42]} 20. Bd2 {[%clk 0:05:53]} Qe6 {[%clk 0:07:31]} 21. e4
{[%clk 0:06:22]} Ne7 {[%clk 0:07:44]} 22. Ng5 {[%clk 0:06:15]} Qc8
{[%clk 0:07:27]} 23. Rd3 {[%clk 0:06:37]} Qb7 {[%clk 0:07:32]} 24. Bc3
{[%clk 0:00:37]} Bxc3 {[%clk 0:06:03]} 25. Rxc3 {[%clk 0:00:41]} Nc6
{[%clk 0:06:21]} 26. Nf3 {[%clk 0:00:40]} Nb4 {[%clk 0:06:32]} 27. Qd2
{[%clk 0:00:36]} Qxe4 {[%clk 0:06:23]} 28. Rd1 {[%clk 0:00:32]} Nxa2
{[%clk 0:04:18]} 29. Ra3 {[%clk 0:00:33]} Nb4 {[%clk 0:04:19]} 30. Rxa7
{[%clk 0:00:59]} Nc2 {[%clk 0:03:55]} 31. Qd3 {[%clk 0:00:33]} Ne1+
{[%clk 0:04:15]} 0-1